INDUSTRIAL WASTEWATER TREATMENT (Record no. 216950)

MARC details
000 -LEADER
fixed length control field 00374nam a22001457a 4500
008 - FIXED-LENGTH DATA ELEMENTS--GENERAL INFORMATION
fixed length control field 260414b |||||||| |||| 00| 0 eng d
020 ## - INTERNATIONAL STANDARD BOOK NUMBER
International Standard Book Number 978-81-203-5332-9
050 ## - LIBRARY OF CONGRESS CALL NUMBER
Classification number TD 897.5.P38
Item number 1
100 ## - MAIN ENTRY--PERSONAL NAME
Personal name Patwardhan,A.D
245 ## - TITLE STATEMENT
Title INDUSTRIAL WASTEWATER TREATMENT
250 ## - EDITION STATEMENT
Edition statement 2ND EDITION
260 ## - PUBLICATION, DISTRIBUTION, ETC.
Place of publication, distribution, etc. DELHI
Name of publisher, distributor, etc. PUSHPITA
Date of publication, distribution, etc. 2025
942 ## - ADDED ENTRY ELEMENTS (KOHA)
Source of classification or shelving scheme Library of Congress Classification
Koha item type Long Loan Book
Holdings
Withdrawn status Lost status Source of classification or shelving scheme Damaged status Not for loan Collection Home library Current library Shelving location Date acquired Inventory number Total checkouts Full call number Barcode Date last seen Copy number Price effective from Koha item type
    Library of Congress Classification     Science & Technology Kisii University Library Kisii University Library On Display 04/14/2026 112830   TD 897.5 P38 A001509 04/14/2026 C.1 04/14/2026 Long Loan Book
    Library of Congress Classification     Science & Technology Kisii University Library Kisii University Library On Display 04/14/2026 112831   TD 897.5 P38 A001512 04/14/2026 C.2 04/14/2026 Long Loan Book
    Library of Congress Classification     Science & Technology Kisii University Library Kisii University Library On Display 04/14/2026 112832   TD 897.5 P38 A001514 04/14/2026 C.3 04/14/2026 Long Loan Book
    Library of Congress Classification     Science & Technology Kisii University Library Kisii University Library On Display 04/14/2026 112833   TD 897.5 P38 A001511 04/14/2026 C.4 04/14/2026 Long Loan Book